000 01313 a2200277 4500
003 OSt
005 20180116192357.0
008 120606t xxu||||| |||| 00| 0 eng d
010 _a 2009021556
020 _a9780415480475 (hbk.)
040 _c0
082 0 0 _a305.301
100 1 _aTaylor, Stephanie,
_94159
245 1 0 _aNarratives of identity and place /
_cStephanie Taylor.
260 _aHove, East Sussex ;
_aNew York, NY :
_bRoutledge,
_c2010.
300 _ap. cm.
505 0 _aThe meanings of place for identity -- Narrative in a contemporary identity project -- Place, gender and identity -- Places I remember: memory and continuity in a life narrative -- A place for the future? Trouble in identity work -- New identities of place? Opportunity, choice and personalisation -- Places of my own: residence and nationality in one woman's identity -- Conclusion.
650 0 _aGroup identity.
_94160
650 0 _aWomen
_xIdentity.
_94161
650 0 _aPlace (Philosophy)
_xPsychological aspects.
_94162
650 0 _aPlace attachment
_xPsychological aspects.
_94163
650 0 _aDiscourse analysis, Narrative
_xPsychological aspects.
_94164
650 0 _aDiscursive psychology.
_94165
942 _aSADA
_cBK
_k305.301 TAY 2010
_2ddc
999 _c353169
_d353169